000 00416nam a2200157Ia 4500
008 231217s9999 xx 000 0 und d
041 _aEnglish
082 _a001.424 JAI;1 R
100 _aJain, S K Mehta, D M
245 0 _aOperations research : theory and applications
250 _a1st ed.
260 _c2000
_bGalgotia
_aNew Delhi
300 _axviii+494
650 _aOperations,research,:
942 _cAA
999 _c175364
_d175364